The Lamorna wink : (Record no. 943)
[ view plain ]
| 000 -LEADER | |
|---|---|
| fixed length control field | 00896cam a2200229 4500 |
| 001 - CONTROL NUMBER | |
| control field | 1308 |
| 003 - CONTROL NUMBER IDENTIFIER | |
| control field | OCoLC |
| 005 - DATE AND TIME OF LATEST TRANSACTION | |
| control field | 20181127163057.0 |
| 008 - FIXED-LENGTH DATA ELEMENTS--GENERAL INFORMATION | |
| fixed length control field | 000224s1999 nyu 000 1 eng d |
| 020 ## - INTERNATIONAL STANDARD BOOK NUMBER | |
| International Standard Book Number | 0451409361 |
| 043 ## - GEOGRAPHIC AREA CODE | |
| Geographic area code | e-uk-en |
| 100 1# - MAIN ENTRY--PERSONAL NAME | |
| Personal name | Grimes, Martha. |
| 245 14 - TITLE STATEMENT | |
| Title | The Lamorna wink : |
| Remainder of title | a Richard Jury mystery / |
| Statement of responsibility, etc. | Martha Grimes. |
| 260 ## - PUBLICATION, DISTRIBUTION, ETC. | |
| Place of publication, distribution, etc. | New York : |
| Name of publisher, distributor, etc. | Onyx, |
| Date of publication, distribution, etc. | 2000. |
| 300 ## - PHYSICAL DESCRIPTION | |
| Extent | 420 p. ; |
| Dimensions | 18 cm. |
| 520 ## - SUMMARY, ETC. | |
| Summary, etc. | Detective Richard Jury solves a string of disappearances and murders in Cornwall, including two grandchildren of an American fast-food magnate. But the leg work is done for him by his aristocratic and eccentric friend, Melrose Plant. |
| 650 #0 - SUBJECT ADDED ENTRY--TOPICAL TERM | |
| Topical term or geographic name entry element | Jury, Richard (Fictitious character) |
| Form subdivision | Fiction. |
| Topical term or geographic name entry element | Plant, Melrose (Fictitious character) |
| Form subdivision | Fiction. |
| Topical term or geographic name entry element | Police |
| Geographic subdivision | England |
| Form subdivision | Fiction. |
| 651 #0 - SUBJECT ADDED ENTRY--GEOGRAPHIC NAME | |
| Geographic name | England |
| Form subdivision | Fiction. |
| 655 #7 - INDEX TERM--GENRE/FORM | |
| Genre/form data or focus term | Mystery fiction. |
| Source of term | gsafd. |
| Withdrawn status | Lost status | Source of classification or shelving scheme | Damaged status | Not for loan | Collection code | Home library | Current library | Shelving location | Date acquired | Serial Enumeration / chronology | Inventory number | Total Checkouts | Full call number | Barcode | Date last seen | Price effective from | Koha item type |
|---|---|---|---|---|---|---|---|---|---|---|---|---|---|---|---|---|---|
| Dewey Decimal Classification | Fiction | RTC Library | RTC Library | Fiction | 07/04/2022 | 1765 | FIC 813.54 GRI | 30000864 | 03/01/2022 | 27/11/2018 | Fiction |